| 000 | 00811nam a2200241 a 4500 | ||
|---|---|---|---|
| 001 | 000008913 | ||
| 005 | 20200929161434.0 | ||
| 008 | 090921s1954 mx 000 0 spa d | ||
| 020 | _a9681600851 | ||
| 040 | _aDO-SdBNP | ||
| 082 |
_a809.9112 _bH519b |
||
| 100 | 1 |
_aHeríquez Ureña, Max _923476 |
|
| 245 | 1 | 0 |
_aBreve historia del modernismo / _cMax Henríquez Ureña. |
| 260 |
_aMéxico, D. F. : _bFondo de Cultura Económica, _c1954. |
||
| 300 |
_a559 p. : _bil. ; _c22 cm. |
||
| 500 | _aIncluye índices | ||
| 504 | _aBibliografía: p. 529-535 | ||
| 500 | _aLa biblioteca posee la segunda reimpresión del 1978 | ||
| 650 | 4 |
_aModernismo (literatura) _xHistoria _923477 |
|
| 650 | 4 |
_aLiteratura hispanoaméricana _xHistoria y crítica _96273 |
|
| 910 | _aValidado. Control de calidad MFF | ||
| 049 | _aBNPD | ||
| 999 |
_c8681 _d8681 |
||